| 000 | 02145cam a22004934i 4500 | ||
|---|---|---|---|
| 003 | PE-LiUPU | ||
| 005 | 20250731172931.0 | ||
| 008 | 170621s2012 mau r 001 0 eng d | ||
| 020 | _a9004217681 | ||
| 020 | _a9789004217683 | ||
| 035 | _a(Sirsi) a204440 | ||
| 040 |
_aPE-LiUPU _bspa _cPE-LiUPU _erda |
||
| 049 | _aPRUA | ||
| 082 | 0 | 4 |
_a229.911 _bA1 _223 |
| 245 | 0 | 2 |
_aA walk through Jubilees : _bstudies in the Book of Jubilees and the world of its creation / _cby James L. Kugel. |
| 264 | 1 |
_aLeiden ; _aBoston : _bBrill, _c2012. |
|
| 300 |
_axiii, 434 páginas ; _c25 centimetros. |
||
| 336 |
_atext _2rdacontent |
||
| 337 |
_aunmediated _2rdamedia |
||
| 338 |
_avolume _2rdacarrier |
||
| 490 | 0 |
_aSupplements to the Journal for the study of Judaism, _x1384-2161 ; _vv. 156 |
|
| 504 | _aÍndices: páginas 407-434. | ||
| 505 | 0 | _aA walk through Jubilees: an exegetical commentary -- The sources of Torah in the Book of Jubilees -- The contradictions in the Book of Jubilees -- Divine names and epithets in the Book of Jubilees -- Which is older, Jubilees or the Genesis Apocryphon?. How old is the Aramaic Levi document -- Exegetical notes on 4Q225 "pseudo-Jubilees". Jubilees, Philo, and the problem of Genesis. | |
| 526 | _aSEG42 | ||
| 526 | _aSEG41 | ||
| 526 | _aSEG40 | ||
| 526 | _aSEG39 | ||
| 526 | _aP94 | ||
| 526 | _aP87 | ||
| 526 | _aP86 | ||
| 526 | _aP85 | ||
| 526 | _aP77 | ||
| 526 | _aP76 | ||
| 526 | _aP35 | ||
| 650 | 0 | 4 |
_aLibro de los Jubileos _xCrítica, interpretación. |
| 700 | 1 |
_aKugel, James L., _d1945- _eeditor. |
|
| 910 |
_ajck _bjvq _cjpc _d20170621 |
||
| 942 |
_2ddc _cBOOK |
||
| 949 |
_a229.911 A1 _wDEWEY _c1 _i76246 _lCATALOGING _mBUL _p214.00 _r0 _sY _tBOOK _u2017-06-21 _xTEOLOGÍA _zTEOLOGÍA _0COMPRA _o.CIRCNOTE. El documento es de alto precio. _o.STAFF. Colección Teología |
||
| 994 |
_aC0 _bPEPRU |
||
| 596 | _a1 | ||
| 999 |
_a229.911 A1 _wDEWEY _c20793 _i76246 _f2021-11-9 _g4 _lCCODEBUL1 _mBUL _p214.00 _r0 _sY _tBOOK _u2017-6-21 _xTEOLOGIA _PP35 _0COMPRA _o.STAFF. Colección Teología _d20793 |
||
| 980 |
_81 _gALBERTO SANCHEZ Responsable de Automatización |
||